Selviytyjät Suomi 2022 -kilpailijat - Statistics

Yleistilastot
  • Tätä visaa on pelattu 6 kertaa
  • Keskiarvotulos 11 / 16
Vastaustilastot
Sija Kilpailija % Oikein
5 Helmeri Pirinen
100%
15 Joalin Loukamaa
100%
6 Karoliina Tuominen
100%
1 Sami Helenius
100%
2 Tommi Manninen
100%
3 Julia Korpinen
80%
7 Leo Stillman
80%
4 Virpi Kätkä
80%
11 Niko Saarinen
60%
8 Pok Biil
60%
13 Viivi Vaattovaara
60%
9 Wallu Valpio
60%
12 Essi Unkuri
40%
16 Heidi Suomi
40%
10 Jasmiina Yildiz
40%
14 Markus Pöyhönen
40%
Ehtoja vastaavia visoja ei löytynyt
Tulosjakauma
Jokaisen tuloksen saaneiden osuus
Persentiili vastausten määrän mukaan
Tuloshistoriasi
Et ole pelannut tätä visaa